| 000 | 00362nam a22001337a 4500 | ||
|---|---|---|---|
| 082 |
_a355.31 _bONE _cL-31, P-70 |
||
| 100 |
_a102 brigade _948777 |
||
| 245 | _a102 brigade officers refrence book | ||
| 260 |
_aBannu _bDawn electric press _c1954 |
||
| 300 |
_aix, 162 p; _bill |
||
| 526 |
_a0 _b0 _c0 _d355_310000000000000_ONE |
||
| 650 |
_aMCE _9379 |
||
| 942 |
_2ddc _cBK |
||
| 999 |
_c551633 _d551633 |
||